[Event "Olomouc op 16th"]
[Site "Olomouc"]
[Date "2013.08.08"]
[Round "9"]
[White "Abhishek, Kelkar"]
[Black "Tregubov, Andrei"]
[Result "1-0"]
[WhiteElo "2244"]
[BlackElo "2333"]
[PlyCount "64"]
[EventDate "2013.08.01"]
[EventType "swiss"]
[EventRounds "9"]
[EventCountry "CZE"]
[SourceTitle "CBM 155 Extra"]
[Source "ChessBase"]
[SourceDate "2013.08.26"]
[SourceVersion "1"]
[SourceVersionDate "2013.08.26"]
[SourceQuality "1"]

1. e4 e6 2. d4 d5 3. e5 c5 4. c3 Qb6 5. Nf3 Bd7 6. Be2 Bb5 7. c4 Bxc4 8. Bxc4 Qb4+ 9. Nbd2 dxc4 10. a3 Qb5 11. Qc2 cxd4 12. Nxc4 Nc6 13. 0-0 f5 14. Rd1 Rd8 15. Rd3 Nh6 16. Bxh6 gxh6 17. Rad1 Bg7 18. Nd6+ Rxd6 19. exd6 e5 20. Rb3 Qa4 21. Nxd4 Nxd4 22. Rxd4 Qd7 23. Rd1 Bf6 24. Qc7 b6 25. Rc3 Bd8 26. Qc4 Rf8 27. Qd5 e4 28. f3 Rf6 29. fxe4 fxe4 30. Qxe4+ Re6 31. Qd5 Kf8 32. Rf3+ Bf6 1-0

[Event "Olomouc op 16th"]
[Site "Olomouc"]
[Date "2013.08.06"]
[Round "7"]
[White "Johansson, Jan"]
[Black "Tregubov, Andrei"]
[Result "0-1"]
[WhiteElo "2394"]
[BlackElo "2333"]
[PlyCount "88"]
[EventDate "2013.08.01"]
[EventType "swiss"]
[EventRounds "9"]
[EventCountry "CZE"]
[SourceTitle "CBM 155 Extra"]
[Source "ChessBase"]
[SourceDate "2013.08.26"]
[SourceVersion "1"]
[SourceVersionDate "2013.08.26"]
[SourceQuality "1"]

1. d4 Nf6 2. c4 e6 3. Nf3 Bb4+ 4. Bd2 Qe7 5. e3 Bxd2+ 6. Nbxd2 0-0 7. e4 d6 8. e5 Nfd7 9. Bd3 dxe5 10. dxe5 Nc5 11. Bc2 Nc6 12. a3 a5 13. Qe2 f5 14. exf6 Qxf6 15. 0-0-0 a4 16. Qe3 Ra5 17. h4 e5 18. Ng5 Bf5 19. Nde4 Nxe4 20. Bxe4 Nd4 21. Bxf5 Qxf5 22. Ne4 Rc5 23. Qd3 Rc6 24. Kb1 Rg6 25. Rdg1 h5 26. f3 b6 27. Ka2 c6 28. Qd2 Qe6 29. Qd3 Qf5 30. Ka1 b5 31. c5 Rd8 32. Kb1 Rd5 33. Qe3 Ne6 34. g4 Qf4 35. Qxf4 exf4 36. gxh5 Rh6 37. Rg4 Rdxh5 38. Rd1 Rxh4 39. Rgg1 Rh3 40. Rd6 Nf8 41. Nf6+ Kf7 42. Ng4 Rxd6 43. cxd6 Ke6 44. Rd1 Rxf3 0-1

[Event "Moscow op-A"]
[Site "Moscow"]
[Date "2012.02.05"]
[Round "9"]
[White "Shyam, Sundar M"]
[Black "Tregubov, Andrei"]
[Result "1-0"]
[WhiteElo "2462"]
[BlackElo "2344"]
[PlyCount "55"]
[EventDate "2012.01.28"]
[EventType "swiss"]
[EventRounds "9"]
[EventCountry "RUS"]
[SourceTitle "CBM 146 Extra"]
[Source "ChessBase"]
[SourceDate "2012.02.29"]
[SourceVersion "1"]
[SourceVersionDate "2012.02.29"]
[SourceQuality "1"]

1. e4 e6 2. d4 d5 3. Nd2 Nf6 4. e5 Nfd7 5. Bd3 c5 6. c3 Nc6 7. Ngf3 Qb6 8. 0-0 cxd4 9. cxd4 Nxd4 10. Nxd4 Qxd4 11. Nf3 Qb6 12. Qc2 Qc6 13. Qe2 a6 14. Be3 Qc7 15. Rac1 Qb8 16. Rc2 Be7 17. Rfc1 0-0 18. Rc7 b6 19. Ng5 Bxg5 20. Bxg5 Ra7 21. Rxa7 Qxa7 22. Bxh7+ Kxh7 23. Qh5+ Kg8 24. Bf6 Nxe5 25. Qxe5 gxf6 26. Qg3+ Kh7 27. Qh4+ Kg7 28. Qg4+ 1-0

[Event "Moscow op-A"]
[Site "Moscow"]
[Date "2012.01.30"]
[Round "3"]
[White "Deviatkin, Andrei"]
[Black "Tregubov, Andrei"]
[Result "1/2-1/2"]
[WhiteElo "2574"]
[BlackElo "2344"]
[PlyCount "97"]
[EventDate "2012.01.28"]
[EventType "swiss"]
[EventRounds "9"]
[EventCountry "RUS"]
[SourceTitle "CBM 146 Extra"]
[Source "ChessBase"]
[SourceDate "2012.02.29"]
[SourceVersion "1"]
[SourceVersionDate "2012.02.29"]
[SourceQuality "1"]

1. d4 Nf6 2. c4 e6 3. Nf3 Bb4+ 4. Nbd2 c5 5. g3 cxd4 6. a3 Be7 7. Bg2 d3 8. exd3 d5 9. 0-0 0-0 10. b4 a5 11. b5 Nbd7 12. Bb2 b6 13. Nd4 Bb7 14. Nc6 Bxc6 15. bxc6 Nc5 16. d4 Na6 17. Qe2 Nc7 18. f4 Re8 19. Qd3 b5 20. c5 Ra6 21. Bc3 Qa8 22. f5 Qxc6 23. Rae1 b4 24. axb4 axb4 25. Bxb4 Ra4 26. Rb1 e5 27. dxe5 Rxb4 28. Rxb4 Bxc5+ 29. Rd4 Rxe5 30. Kh1 Bxd4 31. Qxd4 Re8 32. g4 Nb5 33. Qf4 h6 34. h4 Qc3 35. Nf3 d4 36. g5 Nd5 37. Qg3 Ne3 38. gxh6 Nxf5 39. Qg5 Nbd6 40. Rc1 Qe3 41. Re1 Qxg5 42. Rxe8+ Nxe8 43. hxg5 gxh6 44. gxh6 Ned6 45. Kg1 Kh7 46. Kf2 Kxh6 47. Ke2 Kh5 48. Kd3 Nh4 49. Nxh4 1/2-1/2

[Event "Moscow op-A"]
[Site "Moscow"]
[Date "2012.01.28"]
[Round "1"]
[White "Tregubov, Andrei"]
[Black "Grigoriants, Sergey"]
[Result "1/2-1/2"]
[WhiteElo "2344"]
[BlackElo "2570"]
[PlyCount "215"]
[EventDate "2012.01.28"]
[EventType "swiss"]
[EventRounds "9"]
[EventCountry "RUS"]
[SourceTitle "CBM 146 Extra"]
[Source "ChessBase"]
[SourceDate "2012.02.29"]
[SourceVersion "1"]
[SourceVersionDate "2012.02.29"]
[SourceQuality "1"]

1. d4 Nf6 2. c4 g6 3. Nc3 d5 4. Nf3 Bg7 5. Bg5 Ne4 6. cxd5 Nxg5 7. Nxg5 e6 8. Nf3 exd5 9. e3 0-0 10. Bd3 c6 11. 0-0 Qd6 12. Rc1 Be6 13. Na4 Nd7 14. Ng5 Rfe8 15. b4 b5 16. Nxe6 Qxe6 17. Nb2 Nb6 18. Bc2 Nc4 19. Nd3 Bf8 20. Bb3 Bd6 21. Re1 Qe7 22. Nc5 a5 23. e4 axb4 24. exd5 Qxe1+ 25. Qxe1 Rxe1+ 26. Rxe1 cxd5 27. Nd3 Kf8 28. g3 Ra3 29. Rd1 Ke7 30. Ne1 Ra8 31. Nc2 Kd7 32. Ne3 Kc6 33. Kg2 f5 34. Kf3 Rf8 35. Ng2 g5 36. h3 h5 37. Ne1 Re8 38. Bc2 Ra8 39. Bb3 Rf8 40. Kg2 Re8 41. Nf3 g4 42. hxg4 hxg4 43. Ne1 f4 44. gxf4 Bxf4 45. Nd3 Bd6 46. Kg1 Re2 47. Kf1 Re7 48. Ne1 Rh7 49. Rd3 Rh1+ 50. Ke2 Rh2 51. Kf1 Rh1+ 52. Ke2 Kd7 53. Nc2 Rh2 54. Kf1 Nb2 55. Re3 Nd1 56. Re2 Nc3 57. Re3 Bf4 58. Kg1 Bxe3 59. Kxh2 Bxf2 60. Nxb4 Ke6 61. Kg2 Bxd4 62. Kg3 Kf5 63. Nxd5 Ne2+ 64. Kg2 Nc1 65. Nc7 b4 66. Bc4 Ke4 67. Na6 Bc3 68. Kg3 Kf5 69. Nc5 Be1+ 70. Kg2 Ke5 71. Ne6 Ke4 72. Kf1 Bh4 73. Kg2 Ke3 74. Ng7 Kd4 75. Be6 g3 76. Bg8 Ke5 77. Nh5 Kd4 78. Kf3 Kc3 79. Nf4 Kb2 80. Ng2 Bg5 81. Kxg3 Nxa2 82. Ne1 Nc1 83. Nf3 Bh6 84. Nd4 Kc3 85. Nb5+ Kd3 86. Kf2 Bf4 87. Ke1 b3 88. Kd1 b2 89. Bh7+ Kc4 90. Na3+ Kb3 91. Nb1 Be5 92. Bg8+ Kb4 93. Kc2 Ne2 94. Bh7 Nf4 95. Bg8 Ng2 96. Kd3 Bg7 97. Kc2 Nf4 98. Bh7 Kc5 99. Bg8 Ne2 100. Bh7 Kd5 101. Bg8+ Ke4 102. Nd2+ Kd4 103. Kxb2 Kd3+ 104. Kb3 Kxd2 105. Kc4 Ke3 106. Bh7 Nf4 107. Bb1 Bd4 108. Bf5 1/2-1/2

[Event "Geller Memorial op-A 7th"]
[Site "Odessa"]
[Date "2011.08.25"]
[Round "6"]
[White "Tregubov, Andrei"]
[Black "Andreev, Volodymyr"]
[Result "1-0"]
[WhiteElo "2372"]
[BlackElo "1919"]
[PlyCount "101"]
[EventDate "2011.08.20"]
[EventType "swiss"]
[EventRounds "9"]
[EventCountry "UKR"]
[SourceTitle "EXT 2014"]
[Source "ChessBase"]
[SourceDate "2013.11.20"]
[SourceVersion "1"]
[SourceVersionDate "2013.11.20"]
[SourceQuality "1"]

1. d4 Nf6 2. c4 g6 3. Nc3 Bg7 4. e4 d6 5. Nf3 0-0 6. Be2 e5 7. d5 a5 8. Bg5 h6 9. Bh4 Na6 10. Nd2 Bd7 11. 0-0 Qe8 12. b3 Nh7 13. Rb1 h5 14. f3 Bh6 15. a3 Be3+ 16. Bf2 Bc5 17. Bxc5 Nxc5 18. b4 axb4 19. axb4 Na4 20. Qc2 Qe7 21. Nd1 f5 22. exf5 gxf5 23. f4 e4 24. Rb3 Nf6 25. Rh3 Qh7 26. Nb3 Be8 27. Nd4 Bf7 28. Ne3 Bg6 29. Ne6 Rfc8 30. Ra1 Nb6 31. Qc3 Rxa1+ 32. Qxa1 Qh8 33. Qd4 Kf7 34. Ng5+ Ke7 35. c5 Nbd7 36. c6 bxc6 37. dxc6 Nb6 38. Bd1 Nfd5 39. Nxd5+ Nxd5 40. Qxd5 Qf6 41. Ra3 Be8 42. b5 Bf7 43. Qxf7+ Qxf7 44. Nxf7 Kxf7 45. Bb3+ Ke7 46. Ra7 Kd8 47. b6 cxb6 48. Rd7+ Ke8 49. Bf7+ Kf8 50. c7 Kg7 51. Bd5+ 1-0

[Event "Kolobrzeg op 10th"]
[Site "Kolobrzeg"]
[Date "2009.08.21"]
[Round "5"]
[White "Tregubov, Andrei"]
[Black "Bukowska, Katarzyna"]
[Result "1/2-1/2"]
[WhiteElo "2407"]
[BlackElo "2026"]
[PlyCount "47"]
[EventDate "2009.08.17"]
[EventType "swiss"]
[EventRounds "9"]
[EventCountry "POL"]
[SourceTitle "CBM 131 Extra"]
[Source "ChessBase"]
[SourceDate "2009.09.03"]
[SourceVersion "2"]
[SourceVersionDate "2009.09.16"]
[SourceQuality "1"]

1. d4 d5 2. c4 e6 3. Nc3 Nf6 4. Bg5 Be7 5. e3 0-0 6. Nf3 Nbd7 7. cxd5 exd5 8. Bd3 c6 9. 0-0 Re8 10. Rb1 Nf8 11. Qc2 Bg4 12. Ne5 Bh5 13. f4 Ng4 14. Bxe7 Qxe7 15. Rbe1 f6 16. Nxg4 Bxg4 17. f5 Rad8 18. Qb3 Kh8 19. e4 Qc7 20. exd5 Rxe1 21. Rxe1 Qf4 22. Be4 Qd2 23. Kf1 Qf4+ 24. Kg1 1/2-1/2

[Event "Kolobrzeg op 10th"]
[Site "Kolobrzeg"]
[Date "2009.08.19"]
[Round "3"]
[White "Tregubov, Andrei"]
[Black "Kobus, Sebastian"]
[Result "1-0"]
[WhiteElo "2407"]
[BlackElo "2035"]
[PlyCount "53"]
[EventDate "2009.08.17"]
[EventType "swiss"]
[EventRounds "9"]
[EventCountry "POL"]
[SourceTitle "CBM 131 Extra"]
[Source "ChessBase"]
[SourceDate "2009.09.03"]
[SourceVersion "2"]
[SourceVersionDate "2009.09.16"]
[SourceQuality "1"]

1. d4 d5 2. c4 e6 3. g3 Nf6 4. Bg2 Be7 5. Nf3 0-0 6. 0-0 c5 7. cxd5 Nxd5 8. e4 Nf6 9. Nc3 b6 10. d5 exd5 11. e5 Ne8 12. Qxd5 Qxd5 13. Nxd5 Bd8 14. Bg5 Nc6 15. Bxd8 Nxd8 16. Ne7+ Kh8 17. Rfd1 Bg4 18. h3 Bxf3 19. Bxf3 Rb8 20. Rd7 Ne6 21. Nc6 Rc8 22. Rxa7 Ng5 23. Bg2 Nxh3+ 24. Bxh3 Rxc6 25. Ra8 Rc7 26. Rd1 f5 27. exf6 1-0

[Event "Moscow op-A"]
[Site "Moscow"]
[Date "2009.02.06"]
[Round "7"]
[White "Iljushin, Alexei"]
[Black "Tregubov, Andrei"]
[Result "1/2-1/2"]
[WhiteElo "2564"]
[BlackElo "2374"]
[PlyCount "118"]
[EventDate "2009.01.31"]
[EventType "swiss"]
[EventRounds "9"]
[EventCountry "RUS"]
[SourceTitle "EXT 2023"]
[Source "ChessBase"]
[SourceDate "2022.10.05"]
[SourceVersion "1"]
[SourceVersionDate "2022.10.05"]
[SourceQuality "1"]

1. d4 Nf6 2. c4 e6 3. g3 Bb4+ 4. Bd2 Qe7 5. Bg2 Nc6 6. Nf3 Bxd2+ 7. Nbxd2 d6 8. 0-0 0-0 9. e4 e5 10. d5 Nb8 11. Ne1 a5 12. Nd3 Na6 13. f4 Ng4 14. Qe2 Nb4 15. h3 Nxd3 16. Qxd3 Nh6 17. f5 f6 18. g4 a4 19. b4 axb3 20. axb3 Bd7 21. b4 Nf7 22. Qc3 Rfc8 23. Rfc1 Qf8 24. Bf1 g6 25. Bg2 Rxa1 26. Rxa1 Ra8 27. Rf1 Ra2 28. fxg6 hxg6 29. Rxf6 Qh6 30. Rf2 Qh4 31. c5 Be8 32. cxd6 cxd6 33. Qe3 Ng5 34. Qc3 Nf7 35. Qc8 Kf8 36. Qc1 Qg5 37. Qe1 Rc2 38. Bf1 Ke7 39. Nb3 Rc7 40. b5 b6 41. Kg2 Bd7 42. Kg3 Rc8 43. Qd2 Qxd2 44. Nxd2 Rc3+ 45. Kh2 Rc2 46. Kg2 Rb2 47. Nf3 Rb4 48. Nh4 Nh8 49. Ra2 Bxb5 50. Bxb5 Rxb5 51. Ra7+ Kf6 52. Nf3 Nf7 53. h4 g5 54. h5 Rb3 55. Rd7 b5 56. h6 Rc3 57. h7 Rc8 58. Rb7 Rh8 59. Rxb5 Rxh7 1/2-1/2

[Event "RUS-Cup"]
[Site "Tomsk"]
[Date "1999.??.??"]
[Round "3"]
[White "Iskusnyh, Sergei"]
[Black "Tregubov, Andrei"]
[Result "1-0"]
[WhiteElo "2486"]
[BlackElo "2395"]
[PlyCount "61"]
[EventDate "1999.??.??"]
[EventType "swiss"]
[EventRounds "9"]
[EventCountry "RUS"]
[SourceTitle "EXT 2001"]
[Source "ChessBase"]
[SourceDate "2000.11.22"]
[SourceVersion "1"]
[SourceVersionDate "2000.11.22"]
[SourceQuality "1"]

1. Nf3 c5 2. c4 Nc6 3. d4 cxd4 4. Nxd4 Nf6 5. Nc3 g6 6. e4 Nxd4 7. Qxd4 d6 8. Be3 Bg7 9. Be2 0-0 10. Qd2 Qa5 11. 0-0 Be6 12. f3 Rfc8 13. Rfc1 a6 14. Rab1 Qe5 15. b3 Rab8 16. a4 Nd7 17. Nd5 Bxd5 18. exd5 b6 19. b4 a5 20. f4 Qf6 21. Bg4 Rd8 22. Bxd7 Rxd7 23. bxa5 Rdb7 24. axb6 Ra8 25. a5 Qf5 26. Rb3 Qc8 27. c5 dxc5 28. Rxc5 Qd7 29. Qc2 Rbb8 30. Qc4 Qg4 31. b7 1-0